Fr. Conceicao Rodrigues College of Engineering

Multi Color Grill Design (Record no. 26670)

MARC details
000 -LEADER
fixed length control field 00293nam a2200133Ia 4500
082 ## - DEWEY DECIMAL CLASSIFICATION NUMBER
Classification number 739.4
100 ## - MAIN ENTRY--PERSONAL NAME
Personal name Mahrotri/M
245 ## - TITLE STATEMENT
Title Multi Color Grill Design
260 ## - PUBLICATION, DISTRIBUTION, ETC.
Name of publisher, distributor, etc. OLiver Press
Place of publication, distribution, etc. Bombay
Date of publication, distribution, etc. 1986
300 ## - PHYSICAL DESCRIPTION
Extent 240
546 ## - LANGUAGE NOTE
Language note ENGLISH
654 ## - SUBJECT ADDED ENTRY--FACETED TOPICAL TERMS
Focus term Multi Color Grill Design
942 ## - ADDED ENTRY ELEMENTS (KOHA)
Koha item type Reference Book
Holdings
Withdrawn status Lost status Damaged status Not for loan Collection Home library Current library Shelving location Date acquired Total Checkouts Full call number Barcode Date last seen Price effective from Koha item type
        AFT Fr. Agnel's C.Rodrigues College of Engineering Fr. Agnel's C.Rodrigues College of Engineering   17/03/2023   739.4 AFT5121 17/03/2023 17/03/2023 Reference Book